Organizacion y Direccion de Sindicatos / (Record no. 1516)

000 -CABECERA
fixed length control field 01291nam a22002177a 4500
003 - IDENTIFICADOR DEL NÚMERO DE CONTROL
control field AR-CdUCM
008 - DATOS DE LONGITUD FIJA--INFORMACIÓN GENERAL
fixed length control field 190227b ||||| |||| 00| 0 spa d
040 ## - FUENTE DE LA CATALOGACIÓN
Agencia/entidad que catalogó originalmente la obra MUNICIPALIDAD PROVINCIAL DEL CUSCO
Entidad que transcribió la catalogación BIBLIOTECA MUNICIPAL DEL CUSCO
082 ## - NÚMERO DE LA CLASIFICACIÓN DECIMAL DEWEY
No. de la edición 1ra.ed.
No. de Clasificación 331.87 /
Notacion interna A38
110 ## - ENTRADA PRINCIPAL--NOMBRE DE ENTIDAD CORPORATIVA
Nombre de la institución, jurisdicción como entrada principal La Federacion Norteamericana de Trabajo (AFL); Congreso de Organizaciones Industriales
9 (RLIN) 5727
245 ## - MENCIÓN DE TÍTULO
Título Organizacion y Direccion de Sindicatos /
Mención de responsabilidad La Federacion Norteamericana de Trabajo (AFL); Congreso de Organizaciones Industriales
260 ## - PUBLICACIÓN, DISTRIBUCIÓN, ETC.
Lugar de publicación, distribución, etc. Argentina - Peru:
Nombre de la editorial, distribuidor, etc. Ediciones Marymar ,
Fecha de publicación, distribución, etc. 1968.
300 ## - DESCRIPCIÓN FÍSICA
Nº de Páginas Extensión 162 paginas :
Dimensiones 23.2 cm.
505 ## - NOTA DE CONTENIDO CON FORMATO
Nota de contenido formateada ¿Son necesarios los Sindicatos? -- Un mundo de grandeza -- Responsabilidad de Funcionarios Locales -- Estructura de la CWA -- El consejo Directivo Local -- El Presidente de la Rama Local -- El Vicepresidente de Rama Local -- El secretario de Rama Local -- El Tesorero de Rama Local -- Delegado de Planta -- Procedimientos Parlamentarios -- Asuntos de Intereses Generales...
650 ## - PUNTO DE ACCESO ADICIONAL DE MATERIA--TÉRMINO DE MATERIA
Descriptor Sindicalismo.
9 (RLIN) 5257
650 ## - PUNTO DE ACCESO ADICIONAL DE MATERIA--TÉRMINO DE MATERIA
Descriptor Organizaciones Industriales.
9 (RLIN) 5728
650 ## - PUNTO DE ACCESO ADICIONAL DE MATERIA--TÉRMINO DE MATERIA
Descriptor Proletariado.
9 (RLIN) 4333
710 ## - PUNTO DE ACCESO ADICIONAL--NOMBRE DE ENTIDAD CORPORATIVA
Nombre corporativo (En letras Mayúsculas) LA FEDERACION NORTEAMERICANA DE TRABAJO (AFL); CONGRESO DE ORGANIZACIONES INTERNACIONALES
9 (RLIN) 5729
942 ## - ELEMENTOS DE PUNTO DE ACCESO ADICIONAL (KOHA)
Fuente de clasificación
Tipo de item Libros-BMC
945 ## - PROCESAMIENTO DE INFORMACIÓN LOCAL (OCLC)
Catalogador rtm
AAAA-MM-DD - Fecha de ingreso o modificacion 2019-02-27
Holdings
Estado de retiro (separado) Fuente de clasificación o esquema de estanterías Estado dañado Ubicación Sala donde se ubica Nombre de la colección Fecha de adquisición o compra Costo, precio normal en soles Signatura topográfica Código de Barras Última vez visto (Koha) Tipo de ítem (Koha)
No     Sala Humanidades Sala Humanidades Book Cart 2019-02-27 50.00 331.87 / A38 SH0000001831 2019-02-27 Libros-BMC

Powered by Koha